|
|
|
|
| LEADER |
00000nab a2200000 a 4500 |
| 001 |
vtls000106831 |
| 003 |
SK-MaSNL |
| 005 |
20260304201509.0 |
| 008 |
140301c1981 xo 0 slo |
| 015 |
|
|
|a SNBRB19rr/mm-uuuuu
|
| 035 |
|
|
|a CL0116934
|
| 040 |
|
|
|a SNKBUCL
|b slo
|c SNKBUCL
|e AACR2
|
| 041 |
0 |
|
|a slo
|
| 044 |
|
|
|a xo
|c SK
|
| 080 |
|
|
|a 371
|2 1981
|
| 245 |
0 |
0 |
|a Helena Rozinajová: Dejiny školstva a pedagogiky ; Helena Rozinajová, Tomáš Srogoň, Jozef Cach, Jozef Mátej, Jozef Schubert
|
| 650 |
0 |
7 |
|a školstvo
|2 snkbucl
|9 19712
|
| 650 |
0 |
7 |
|a pedagogika
|2 snkbucl
|9 955
|
| 655 |
|
7 |
|a články z novín a časopisov
|2 snkbucl
|9 267496
|
| 700 |
1 |
|
|a Rozinajová, Helena,
|d 1931-1994
|4 aut
|9 215182
|
| 700 |
1 |
|
|a Srogoň, Tomáš,
|d 1920-1995
|4 aut
|9 109497
|
| 700 |
1 |
|
|a Cach, Josef,
|d 1923-2005
|4 aut
|9 113030
|
| 700 |
1 |
|
|a Mátej, Jozef,
|d 1923-1987
|4 aut
|9 257907
|
| 700 |
1 |
|
|a Schubert, Jozef
|4 aut
|9 819595
|
| 773 |
0 |
|
|t Učiteľské noviny
|g Roč. 31, č. 45 (1981), s. 12
|
| 787 |
0 |
8 |
|i Rec.:
|a Srogoň, Tomáš
|t Dejiny školstva a pedagogiky. Bratislava
|d SPN 1981.
|
| 850 |
|
|
|a Slovenská národná knižnica v Martine
|a MTA001
|
| 852 |
|
|
|a SNK
|b KIS3GCP
|
| 958 |
|
|
|a RK
|
| 992 |
|
|
|a RBX
|
| 999 |
|
|
|c 3095331
|d 3097261
|